La increible y triste historia de la candida Erendira y de su abuela desalmada /

সংরক্ষণ করুন:
গ্রন্থ-পঞ্জীর বিবরন
প্রধান লেখক: García Márquez, Gabriel (লেখক)
বিন্যাস: গ্রন্থ
ভাষা:স্প্যানিশ
প্রকাশিত: Barcelona : Plaza & Janes,,
সংস্করন:6. ed
ট্যাগগুলো: ট্যাগ যুক্ত করুন
কোনো ট্যাগ নেই, প্রথমজন হিসাবে ট্যাগ করুন!

MARC

LEADER 00000nam a22000007i 4500
001 IT\ICCU\TO0\0754658
003 ItRI
005 20260115231843.0
008 990629s1998 sp |||||| ||||| |||||c
020 |a 8401242282 
040 |b ita  |c importazione bologna sebina 
041 7 |a spa  |2 ISO-639-2 
100 1 |a García Márquez, Gabriel  |0 IT\ICCU\CFIV\002730  |4 aut 
245 1 3 |a La increible y triste historia de la candida Erendira y de su abuela desalmada /  |c Gabriel Garcia Marquez. 
250 |a 6. ed 
260 |a Barcelona :  |b Plaza & Janes,,  |g (1998) 
300 |a 156 p. ;  |c 18 cm. 
790 0 |a Gabo,  |d  (1928-2014)  |3 IT\ICCU\SBNV\029876  |z García Márquez, Gabriel 
790 1 |a Garsia Markes, Gabriel'  |3 IT\ICCU\RAVV\593451  |z García Márquez, Gabriel 
790 1 |a Márquez, Gabriel García  |3 IT\ICCU\UFEV\404865  |z García Márquez, Gabriel 
942 |2 ddc  |c BK  |n 0 
952 |0 0  |1 0  |4 0  |6 DOC_863_640000000000000_GAR  |7 0  |9 14320  |a BO  |b BO  |d 2026-01-15  |i 5639  |l 0  |o DOC 863.64 GAR  |p BO5639  |r 2026-01-15 23:18:43  |w 2026-01-15  |y BK  |z 1 v. 
999 |c 12358  |d 12358